Territorio, Estado y sociedad: reflexiones sobre descentralización y desarrollo regional en Chile
Furkejuvvon:
| Váldodahkki: | |
|---|---|
| Materiálatiipa: | Girji |
| Giella: | espánnjágiella |
| Almmustuhtton: |
Santiago, Chile
Pehuén
1990
|
| Fáttát: | |
| Fáddágilkorat: |
Lasit fáddágilkoriid
Eai fáddágilkorat, Lasit vuosttaš fáddágilkora!
|
MARC
| LEADER | 00000cam a2200000 a 4500 | ||
|---|---|---|---|
| 001 | UCV1889 | ||
| 003 | CL-VaPUC | ||
| 005 | 20220921074452.0 | ||
| 008 | 910611e19900000CL |||||||||||||||||spa|d | ||
| 999 | |c 209650 |d 209648 | ||
| 040 | |c Pontificia Universidad Católica de Valparaíso | ||
| 082 | 0 | 4 | |a 320 BOI 1990 |2 21 |
| 100 | |a Boisier, Sergio |9 296071 | ||
| 245 | 1 | 0 | |a Territorio, Estado y sociedad: reflexiones sobre descentralización y desarrollo regional en Chile |
| 260 | 0 | 3 | |a Santiago, Chile |b Pehuén |c 1990 |
| 300 | |a 340 páginas | ||
| 583 | |a last modification |c 20140331 07:05:26 |k Rodrigo Vera | ||
| 650 | 0 | |a Descentralización administrativa (administración descentralizada) |9 255464 | |
| 650 | 0 | |a Regionalización |9 255465 | |
| 651 | 7 | |a CHILE |2 CL-VaPUC |9 296072 | |
| 942 | |c BK |2 ddc | ||
| 945 | |d 19910611 00:00:00 | ||
| 952 | |0 0 |1 0 |2 ddc |4 0 |6 320_000000000000000_BOI_1990 |7 0 |8 A |9 185213 |a BIBHIS |b BIBHIS |d 2019-11-14 |i 2526727 |l 1 |o 320 BOI 1990 |p 2526727 |r 2025-01-20 |s 2024-04-11 |t 3 |w 2019-11-14 |y BK |k HIS | ||
| 952 | |0 0 |1 0 |2 ddc |4 0 |6 320_000000000000000_BOI_1990 |7 0 |8 A |9 185215 |a BIBING |b BIBING |d 2019-11-14 |i 2526743 |l 1 |o 320 BOI 1990 |p 2526743 |r 2025-01-20 |s 2023-03-22 |t 5 |w 2019-11-14 |y BK |k GEO | ||
| 952 | |0 0 |1 0 |2 ddc |4 0 |6 320_000000000000000_BOI_1990 |7 0 |8 A |9 185216 |a BIBDER |b BIBDER |d 2019-11-14 |i 2526751 |o 320 BOI 1990 |p 2526751 |r 2023-01-25 |t 2 |w 2019-11-14 |y BK |k DER | ||
| 952 | |0 0 |1 0 |2 ddc |4 0 |6 320_000000000000000_BOI_1990 |7 0 |8 R |9 185217 |a BIBGIM |b BIBGIM |d 2019-11-14 |i 252676K |o 320 BOI 1990 |p 252676K |r 2025-01-15 |t 4 |w 2019-11-14 |y BK_R |k SSL | ||
| 952 | |0 0 |1 0 |2 ddc |3 erb |4 0 |6 320_000000000000000_BOI_1990 |7 0 |8 A |9 185218 |a BIBING |b BIBING |i 5065666 |l 1 |o 320 BOI 1990 |p 5065666 |r 2025-04-21 |s 2025-04-21 |t 6 |w 2019-11-14 |y BK |z Catalogado en:20140407 |k GEO | ||